00740nam a2200217Ia 450000500170000000800410001702000180005804100080007608200150008410000220009924500610012126000420018230000090022450000280023350000290026165000360029070000220032694200070034899900170035595201500037220251113233744.0230125s9999 xx 000 0 und d a0-446-39024-0 aeng a158.1bSIM aSimon S B9214925 aGetting unstuck-breaking through your barriers to change c1989bAcademic publicationaNew Delhi a296p aPersonality development aPersonality Development, aPersonality Development9213420 aSimon S B9214925 cBK c86488d86488 00104070aHIMRbHIMRd1998-01-02eWord Book Shopg350.00l0o158.1 SIM B00802pHIMR-BK-802r2023-01-25 00:00:00v350.00w1998-02-01yBKzB00802